000 00720nam a22002297a 4500
003 UA-OsUOA
001 74926
007 ta
008 20110422b un ||||| |||| 00| 0 ukr d
090 _a94(477).075
_bП15
942 _cBK
040 _aUA-OsUOA
_bukr
_cUA-OsUOA
_dUA-OsUOA
245 _aПам'яті жертв Голодомору 1932 - 1933 років в Україні
_bфотоальбом
_cгол. ред. І. Р. Юхновський
300 _a132 с.
955 _a2
041 _aukr
080 _a94(477).075
020 _a978-966-2392-00-5
260 _aТернопіль
_bЛілея
_c2009
650 7 _a9 Географія. Біографії. Історія
_2UDC
999 _c361222
_d361222